| 000 | 00747nam a2200277 a 4500 | ||
|---|---|---|---|
| 003 | AR-BaBNM | ||
| 005 | 20251128203401.0 | ||
| 008 | 082120s2002 ||||||||||||||000 | spa|| | ||
| 040 | _cAR-BaBNM | ||
| 100 | 1 | _aBruhat, Jean | |
| 245 | 0 | 0 | _aHistoria de Indonesia |
| 260 |
_aBuenos Aires _bEudeba _c1964 |
||
| 300 |
_a112 p. _bmapas, tablas |
||
| 490 | 0 | _aBiblioteca de asia y áfrica | |
| 500 | _aContiene las notas a pie de página. | ||
| 504 | _aBibliografía para consultar p. 111 | ||
| 650 | 4 | _aHISTORIA POLITICA | |
| 650 | 4 | _aHISTORIA SOCIAL | |
| 650 | 4 | _aCULTURAS ASIATICAS | |
| 650 | 4 | _aHISTORIA ECONOMICA | |
| 651 | 4 | _aIndonesia | |
| 651 | 4 | _aAsia | |
| 700 | 1 |
_aLiguori, Magda _etraductor |
|
| 942 | _cBK | ||
| 998 | _cmariana | ||
| 999 |
_c3145 _d3145 |
||